| 000 | 00532nam a22001817a 4500 | ||
|---|---|---|---|
| 005 | 20251108175424.0 | ||
| 008 | 250721s2015 xx 000 0 ara d | ||
| 082 | 1 | 4 | _aم/306/مجل |
| 100 | 1 |
_aجلال العظم، صادق _eمحرر |
|
| 245 | 1 | 0 | _aأوراق / |
| 264 | 1 |
_aأبو ظبي : _bدار نون للنشر والتوزيع، _c2015. |
|
| 300 | _a4ج. | ||
| 650 | 1 | 7 | _aالثقافة الجماهيرية |
| 650 | 1 | 7 | _aالثقافة |
| 650 | 1 | 7 | _aالفكر العربي |
| 942 |
_2ddc _cREF |
||
| 999 |
_c133747 _d133747 |
||